01247cam a2200301Ii 4500001002300000003000700023005001700030007000700047008004100054010001700095040003500112020003100147020002500178035001900203082001300222100002000235245007400255260002900329300002100358856009600379856010100475029002100576029001800597942000700615506015000622506015400772999001900926chancewindsoffor00mcbaCaSfIA20210117223245.0cr||||800723s1980 nyu 000 1 eng d a 80066751  aTDScTDSdOCLCQdYDXCPdCaSfIA a0380757966 (pbk.) :c$2.95 a9780380757961 (pbk.) a(OCoLC)654179204a813/.5/41 aMcBain, Laurie.10aChance the winds of fortune /h[electronic resource] cLaurie McBain. aNew York :bAvon,c1980. a505 p. ;c18 cm.41uhttp://www.archive.org/details/chancewindsoffor00mcbazFree eBook from the Internet Archive42uhttp://www.openlibrary.org/books/OL24372057MzAdditional information and access via Open Library1 aUNITYb0483225981 aUKWLTb255227 cEB fНеобхідна авторизація на https://archive.org/ (створення облікового запису безкоштовно) fНеобхідна авторизація на https://openlibrary.org/ (створення облікового запису безкоштовно) c479489d479489